Aplikácia počítačovej tomografie a metód hlbokého učenia pri kvantitatívnej analýze defektov v hliníkových súčiastkach a multimateriálová CT digitalizácia

Enregistré dans:
Détails bibliographiques
Auteur principal: Kritikos, Michaela (Auteur)
Autres auteurs: (Directeur de thèse)
Format: Manuscrit Livre
Langue:slovaque
Publié: 2026
Sujets:
Accès en ligne:http://is.stuba.sk/zp/portal_zp.pl?podrobnosti_zp=108911
Tags: Ajouter un tag
Pas de tags, Soyez le premier à ajouter un tag!

MARC

LEADER 00000ntm a22000003a 4500
001 stuzp108911
003 SK-STU
005 20260307210300.9
007 ta
008 150427s2015----xo-----f-mn---000-0-slo-d
040 |a STU  |b slo 
041 0 |a slo 
100 1 |a Kritikos, Michaela  |u 063000  |k Z1  |4 aut  |U MTF Materiálovotechnologická fakulta  |T MTF Ústav výrobných technológií  |X 37948  |U M3000  |Y 83  |7 37948 
242 0 1 |a Application of Computed Tomography and Deep Learning in Quantitative Analysis of Defects in Aluminum Components and Multi-Material CT Digitization.  |y eng 
245 1 0 |a Aplikácia počítačovej tomografie a metód hlbokého učenia pri kvantitatívnej analýze defektov v hliníkových súčiastkach a multimateriálová CT digitalizácia 
260 |c 2026 
650 4 |a počítačová tomografia  |2 slo 
650 4 |a defektoskopia  |2 slo 
650 4 |a umelá inteligencia  |2 slo 
650 4 |a Computed tomography  |2 eng 
650 4 |a defectoscopy  |2 eng 
650 4 |a artifficial inteligence  |2 eng 
700 1 |a ,  |4 ths  |X null  |7 null 
856 4 |u http://is.stuba.sk/zp/portal_zp.pl?podrobnosti_zp=108911